Contribución a la bibliografía española de Shakespeare : catálogo bibliográfico de la colección del autor / Alfonso Par catálogo bibliográfico de la colección del autor / Alfonso Par
Descripción Física:
136 p. ; 17 cm
Colección:
Publicaciones del Instituto del Teatro ; 7
Materias:
Shakespeare, William -- Bibliografia
MARC
| LEADER | 00000nam a2200000Ia 4500 | ||
|---|---|---|---|
| 001 | 8360 | ||
| 003 | BGR | ||
| 005 | 20260324175217.0 | ||
| 008 | 160829s1930 xx 000 0 cat d | ||
| 080 | |a A-2-53 | ||
| 100 | |a Par, Alfonso |9 20612 | ||
| 245 | |a Contribución a la bibliografía española de Shakespeare : |b catálogo bibliográfico de la colección del autor / Alfonso Par | ||
| 260 | |a Barcelona : |b Diputación Provincial de Barcelona, Instituto del Teatro, |c 1930 | ||
| 300 | |a 136 p. ; |c 17 cm | ||
| 490 | |a Publicaciones del Instituto del Teatro ; 7 | ||
| 590 | |a Hi ha un duplicat: DUP-36 | ||
| 650 | |a Shakespeare, William |x Bibliografia |9 20613 | ||
| 710 | 1 | |a Institut del Teatre (Barcelona, Catalunya) |9 52662 | |
| 901 | |a Arxiu | ||
| 942 | |n 1 |2 udc |c MON | ||
| 952 | |0 0 |1 0 |4 0 |6 A253 |7 1 |9 41607 |a Arxiu |b Arxiu |d 2016-12-01 |l 0 |o A-2-53 |p 8360 |r 2016-12-01 00:00:00 |w 2016-12-01 |y ARXIU | ||
| 999 | |c 43497 |d 43497 | ||